|
|
|
|
| LEADER |
00997nam a2200241 a 4500 |
| 001 |
GR-Patra14284 |
| 008 |
010704s1998 gr g 000 b gre d |
| 020 |
|
|
|a 9602369353
|
| 040 |
|
|
|a GrPaTEI
|b gre
|c GR-PaULI
|
| 040 |
|
|
|a GrPaTEI
|b gre
|c GR-PaULI
|
| 084 |
|
|
|a Μ
|
| 100 |
1 |
|
|a Sell, Maren
|
| 245 |
1 |
2 |
|a Ο τελευταίος εραστής /
|c Μαρέν Σέλ ; μετάφραση από τα γαλλικά: Λουίζα Μητσάκου.
|
| 260 |
|
|
|a Αθήνα :
|b Νέα Σύνορα,
|c c1998
|
| 300 |
|
|
|a 235σ.
|
| 490 |
1 |
|
|a Ξένη λογοτεχνία
|
| 650 |
|
4 |
|a Ξένη λογοτεχνία
|x Μυθιστόρημα
|
| 700 |
1 |
|
|a Μητσάκου, Λουίζα
|
| 830 |
|
0 |
|1 00111621
|1 2001
|a Ξένη Λογοτεχνία
|
| 942 |
|
|
|2 ddc
|
| 952 |
|
|
|0 0
|1 0
|2 ddc
|4 0
|6 Μ_SEL
|7 0
|9 293263
|a LISK
|b LISK
|c BSC
|d 2021-01-17
|e 24
|f 0
|g 0.00
|l 0
|o Μ SEL
|p 92410014280
|r 2021-01-17 00:00:00
|t 1
|w 2021-01-17
|y BK15
|x 20010704 0 1
|x GrPaTEI
|
| 971 |
|
|
|a .b26617997
|b 16-04-20
|c 23-09-16
|
| 999 |
|
|
|c 171424
|d 171424
|